000 01335cam a2200397 a 4500
001 20722
003 VRT
005 20260130142541.0
008 240702s1993 xo gr 0000f slo
015 _aSNBA1993/11
020 _a8022004820
035 _aSNK000016001
039 9 _a202407181040
_bmsnk116
_c202407021408
_dcsnk01
_c202407021354
_dVLOAD
_c202403181447
_dVLOAD
040 _aSNK
_bslo
_cSNK
_eAACR2
041 1 _aslo
_heng
044 _axo
_cSK
072 7 _a821.111(73)-3
_xAmerická próza
_2konspekt
080 _a821.111(73)-31
_22011
100 1 _aMcBain, Ed,
_d1926-2005
_4aut
240 1 0 _aLullaby
_lSlovensky
245 1 0 _aUspávanka
_cEd Mac Bain ; prel. Viktor Krupa
250 _a1.vyd.
260 _aBratislava
_bSlovenský spisovateľ
_c1993
_eTrnava
_fPolygrafické závody
300 _a264 s.
_c21 cm
490 1 _aZelená knižnica
655 7 _aamerické romány
_2SNKPH
700 1 _aKrupa, Viktor,
_d1936-2021
_4trl
830 0 _aZelená knižnica
942 _2ddc
_cKLDO
_n0
949 _6270001000035263
_asvkbbA 84528
_bsvkbbm 580663
949 _617A1010713
_asnkSC 84602
949 _617A0016266
_9P60, <05>, [BOOK], {605}
_asnkSC 84602 D1
949 _6273K0203433
_asvkpoA 160947
_bsvkpo396650
_oPV 122/94
999 _c20722
_d20722